Países que começam com a letra "T" - Statistics

Estatísticas Gerais
  • Esse quiz foi jogado 1 047 vezes
  • A pontuação média é 9 de 12
Estatísticas das Respostas
Países % Correto
TURQUIA
94%
TAILÂNDIA
89%
TUNÍSIA
82%
TANZÂNIA
81%
TOGO
78%
TUVALU
78%
TURCOMENISTÃO
77%
TAJIQUISTÃO
76%
TONGA
74%
TAIWAN
71%
TIMOR LESTE
66%
TRINIDAD E TOBAGO
59%
Nenhum quiz correspondente encontrado
Distribuição das Pontuações
Porcentagem de Pessoas com Cada Pontuação
Percentil de Números Respondidos
Sua Pontuação Histórica
Você não jogou esse quiz